| 000 | 00817cam a2200277 i 4500 | ||
|---|---|---|---|
| 001 | 4666120 | ||
| 003 | OSt | ||
| 005 | 20180116183051.0 | ||
| 008 | 800604s1979 gauc b 100 0 eng | ||
| 010 | _a 80113332 | ||
| 020 | _a0 | ||
| 040 |
_aDLC _cDLC _dDLC |
||
| 043 | _an-usu-- | ||
| 050 | 0 | 0 |
_aF216.2 _b.A46 |
| 082 | 0 | 0 | _a975 THE 1979 |
| 100 | _aThe American | ||
| 245 | 0 | 4 |
_aThe American South : _bPortrait Of a Culture / _cThe American |
| 260 |
_awashington DC. : _bVoice of America Forum Series, _cc1979. |
||
| 300 |
_a398 p. : _bPB . ; _c28 cm. |
||
| 440 | _aThe American | ||
| 504 | _aIncludes bibliographical references. | ||
| 651 | 0 |
_aSouthern States _xCongresses. |
|
| 710 | 2 |
_aUniversity of Georgia. _bAlumni Society. |
|
| 906 |
_a7 _bcbc _corignew _d2 _encip _f19 _gy-gencatlg |
||
| 942 |
_2ddc _cBK |
||
| 999 |
_c351646 _d351646 |
||